000 00922nam a2200253 a 4500
001 BRCA_6615
005 20190320205528.0
008 081010c1964----ag-af#####---#000-0#spa-#
041 _aspa
044 _aag
050 4 _aND553
_b.P56 103 1964
245 1 0 _aAlbert Marquet
_cmonografía por Ana María Mura ; traducción por Ángel Sánchez Gijón ; enfoque de actualidad, por Catalina E. Lago.
260 _aArgentina
_bCodex
_c[1964]
300 _a1 v. (sin paginación)
_bil., 16 láminas a color
_c36 cm.
440 0 _aPinacoteca de los genios : la más grandiosa colección de arte del mundo
_v103
_916550
500 _aIncluye índice de ilustraciones
500 _aDonación Dra. Elsa Barberena
600 1 4 _aMarquet, Albert
_d1875-1947
_916551
700 1 _aMura, Ana María
_916552
700 1 _aLago, Catalina E.
_916553
700 1 _aSánchez Gijón, Ángel
_etr.
_916554
902 _aDEB
942 _2lcc
_cB
999 _c6299
_d6299